[Event "Andalucia ch 2007-08"]
[Site "Motril ESP"]
[Date "2008.05.17"]
[Round "3.1"]
[White "Gallardo Fernandez, Cesar"]
[Black "Terron Elena, Francisco Miguel"]
[Result "1-0"]
[WhiteElo "2136"]
[BlackElo "2295"]
[PlyCount "95"]
[EventDate "2008.05.10"]
[EventType "swiss"]
[EventRounds "8"]
[EventCountry "ESP"]
[Source "lmi"]
[SourceDate "2008.05.10"]

1. e4 e5 2. Nf3 Nc6 3. d4 exd4 4. Nxd4 Bc5 5. Be3 Qf6 6. c3 Nge7 7. Bc4 Ne5 8.
Be2 Qg6 9. O-O Qxe4 10. Nd2 Qg6 11. Kh1 O-O 12. f4 N5c6 13. f5 Qf6 14. Ne4 Qe5
15. Qd3 Bxd4 16. cxd4 Qa5 17. f6 Ng6 18. fxg7 Kxg7 19. Nf6 d6 20. h4 Nce7 21.
d5 Qa4 22. Rf4 Bf5 23. Rxa4 Bxd3 24. Nh5+ Kg8 25. Bxd3 Nxd5 26. Bh6 Rfd8 27.
Rg4 Re8 28. Rd4 c6 29. Rxd5 cxd5 30. Nf6+ Kh8 31. Nxe8 Rxe8 32. Bxg6 hxg6 33.
Rd1 Re4 34. g3 d4 35. Bf4 d5 36. Rxd4 Re1+ 37. Kg2 Re2+ 38. Kf3 Rxb2 39. Ra4 f6
40. Rxa7 Kg7 41. Ra5 d4 42. Ke4 Rb4 43. a3 Rb3 44. Kxd4 b5 45. Ra7+ Kg8 46. Kd5
g5 47. hxg5 fxg5 48. Be5 1-0

[Event "Andalucia ch 2007-08"]
[Site "Motril ESP"]
[Date "2008.05.17"]
[Round "3.2"]
[White "Fernandez Montoro, Jorge"]
[Black "Torres Bosch, Jose Francisco"]
[Result "1-0"]
[WhiteElo "2216"]
[BlackElo "2146"]
[PlyCount "107"]
[EventDate "2008.05.10"]
[EventType "swiss"]
[EventRounds "8"]
[EventCountry "ESP"]
[Source "lmi"]
[SourceDate "2008.05.10"]

1. e4 c5 2. Nf3 d6 3. Bb5+ Nc6 4. O-O Bd7 5. Re1 Nf6 6. c3 a6 7. Bf1 Bg4 8. d4
e5 9. d5 Ne7 10. h3 Bxf3 11. Qxf3 Ng6 12. g3 h5 13. h4 Qd7 14. Nd2 Be7 15. Nc4
Rb8 16. Ne3 Nf8 17. Nf5 g6 18. Nxe7 Kxe7 19. a4 b5 20. axb5 axb5 21. Bd2 N8h7
22. Ra5 Rb7 23. Rea1 Rhb8 24. b4 c4 25. Qh1 Qg4 26. Re1 Qd7 27. Bh3 Qc7 28.
Rea1 Kf8 29. Bh6+ Kg8 30. Qf3 Qe7 31. Kg2 Nf8 32. Bg5 Kg7 33. Qe3 N8h7 34. Bh6+
Kh8 35. Qf3 Ng8 36. Be3 Kg7 37. Ra6 Ngf6 38. Rc6 Rc7 39. Rca6 Rcb7 40. Kh2 Ne8
41. Qe2 Nef6 42. f3 Ng8 43. Qd2 Qf6 44. f4 Rd8 45. fxe5 Qe7 46. e6 fxe6 47.
Bxe6 Nf8 48. Bxg8 Kxg8 49. Bg5 Qe8 50. Bxd8 Qxd8 51. Rf1 Re7 52. Qf4 Qe8 53.
Qxd6 Rxe4 54. Rxf8+ 1-0

[Event "Andalucia ch 2007-08"]
[Site "Motril ESP"]
[Date "2008.05.17"]
[Round "3.3"]
[White "Morales Araujo, Francisco Javier"]
[Black "Gonzalez Galvan, Juan Manuel"]
[Result "1/2-1/2"]
[WhiteElo "2112"]
[BlackElo "2259"]
[PlyCount "40"]
[EventDate "2008.05.10"]
[EventType "swiss"]
[EventRounds "8"]
[EventCountry "ESP"]
[Source "lmi"]
[SourceDate "2008.05.10"]

1. d4 Nf6 2. c4 g6 3. Nc3 Bg7 4. e4 d6 5. f4 O-O 6. Nf3 Nbd7 7. Bd3 e5 8. fxe5
dxe5 9. d5 Ng4 10. O-O Qe7 11. Qe2 h6 12. h3 Ngf6 13. Be3 Nh5 14. Qd2 f5 15.
Bxh6 f4 16. Bxg7 Kxg7 17. Ne2 g5 18. b4 g4 19. hxg4 Nhf6 20. g5 Ng4 1/2-1/2

[Event "Andalucia ch 2007-08"]
[Site "Motril ESP"]
[Date "2008.04.17"]
[Round "3.4"]
[White "Puertas Martin, Savins"]
[Black "Lopez Gonzalez, Daniel"]
[Result "0-1"]
[WhiteElo "2012"]
[BlackElo "2204"]
[PlyCount "114"]
[EventDate "2008.05.10"]
[EventType "swiss"]
[EventRounds "8"]
[EventCountry "ESP"]
[Source "lmi"]
[SourceDate "2008.05.10"]

1. e4 e5 2. Nf3 Nc6 3. Bb5 a6 4. Bxc6 dxc6 5. d4 exd4 6. Qxd4 Qxd4 7. Nxd4 Bd7
8. Be3 O-O-O 9. Nd2 Ne7 10. O-O-O Ng6 11. g3 Re8 12. Rhe1 Be7 13. f4 f6 14. h4
Bg4 15. N4f3 Bd6 16. Rf1 Re7 17. Rde1 Rhe8 18. Nh2 Bh3 19. Rg1 h5 20. a3 c5 21.
Bf2 b5 22. Nhf1 c4 23. c3 Bf5 24. exf5 Rxe1+ 25. Kc2 R1e2 26. fxg6 Rxf2 27. Kd1
Bc5 28. Rh1 Be3 29. Rh2 Rxh2 30. Nxh2 Rd8 31. Nhf1 Bxd2 32. Nxd2 Rd3 33. f5
Rxg3 34. Ne4 Rf3 35. Nc5 Rxf5 36. Ne6 Rd5+ 37. Kc2 Rd7 38. Nf4 Re7 39. Nxh5
Re2+ 40. Kc1 Rg2 41. Nxg7 Rxg6 42. Ne6 Rh6 43. Nf4 Rxh4 44. Nd5 Rh6 45. b3 cxb3
46. Kb2 c6 47. Nb4 Kb7 48. Kxb3 a5 49. Nd3 a4+ 50. Kc2 Kb6 51. Nf4 f5 52. Kd3
Rh4 53. Ng2 Rh3+ 54. Kd4 c5+ 55. Ke5 Rxc3 56. Kxf5 Rxa3 57. Ke4 Rg3 0-1

[Event "Andalucia ch 2007-08"]
[Site "Motril ESP"]
[Date "2008.05.17"]
[Round "3.5"]
[White "Ruiz Casado, Francisco Javier"]
[Black "Garcia Rodriguez, Victor"]
[Result "0-1"]
[WhiteElo "2100"]
[BlackElo "2098"]
[PlyCount "66"]
[EventDate "2008.05.10"]
[EventType "swiss"]
[EventRounds "8"]
[EventCountry "ESP"]
[Source "lmi"]
[SourceDate "2008.05.10"]

1. e4 e5 2. Nf3 Nc6 3. Bb5 a6 4. Bxc6 dxc6 5. O-O f6 6. d4 Bg4 7. dxe5 Qxd1 8.
Rxd1 fxe5 9. Rd3 Bxf3 10. gxf3 Ne7 11. Be3 Ng6 12. Nc3 Bd6 13. Na4 O-O-O 14.
Rad1 b5 15. Nc5 Bxc5 16. Bxc5 Nh4 17. Kf1 Nxf3 18. Ke2 Rxd3 19. Rxd3 Ng5 20. f3
Ne6 21. Be3 Rd8 22. Rxd8+ Kxd8 23. b4 Kd7 24. h4 Kd6 25. c3 c5 26. a3 cxb4 27.
axb4 h6 28. Kf2 Nf4 29. Bxf4 exf4 30. Ke2 g5 31. hxg5 hxg5 32. Kd3 Ke5 33. Ke2
g4 0-1

[Event "Andalucia ch 2007-08"]
[Site "Motril ESP"]
[Date "2008.05.17"]
[Round "3.6"]
[White "Rios Del Moral, Neftali"]
[Black "Fernandez Siles, Luis"]
[Result "1/2-1/2"]
[WhiteElo "2170"]
[BlackElo "2305"]
[PlyCount "27"]
[EventDate "2008.05.10"]
[EventType "swiss"]
[EventRounds "8"]
[EventCountry "ESP"]
[Source "lmi"]
[SourceDate "2008.05.10"]

1. d4 Nf6 2. Nf3 d5 3. Bf4 c5 4. e3 Qb6 5. b3 Nc6 6. c3 Bf5 7. Bd3 Bxd3 8. Qxd3
e6 9. O-O Be7 10. Nbd2 O-O 11. Ne5 Rfd8 12. Bg5 Qc7 13. f4 Rac8 14. Rf3 1/2-1/2

[Event "Andalucia ch 2007-08"]
[Site "Motril ESP"]
[Date "2008.04.17"]
[Round "3.7"]
[White "Gavilan Diaz, Mario"]
[Black "Pintor Muñoz, Antonio"]
[Result "1-0"]
[WhiteElo "2300"]
[BlackElo "1984"]
[PlyCount "53"]
[EventDate "2008.05.10"]
[EventType "swiss"]
[EventRounds "8"]
[EventCountry "ESP"]
[Source "lmi"]
[SourceDate "2008.05.10"]

1. e4 e6 2. d4 d5 3. Nc3 Nf6 4. e5 Nfd7 5. Qh5 c5 6. Nf3 a6 7. dxc5 Nc6 8. Bf4
Nxc5 9. O-O-O Be7 10. Qg4 g6 11. h4 h5 12. Qg3 b5 13. Bd3 b4 14. Ne2 a5 15. Kb1
Ba6 16. Ng5 Rg8 17. Qf3 b3 18. Bxa6 bxc2+ 19. Kxc2 Rxa6 20. Kb1 Qb8 21. Rxd5
Rb6 22. Rd2 Na4 23. Ka1 Bxg5 24. Bxg5 Ne7 25. Bxe7 Kxe7 26. Rhd1 Qb7 27. Qf6+
1-0

[Event "Andalucia ch 2007-08"]
[Site "Motril ESP"]
[Date "2008.04.17"]
[Round "3.8"]
[White "Diaz Rodriguez, Jose Antonio"]
[Black "Fernandez Montero, Francisco M"]
[Result "0-1"]
[WhiteElo "2102"]
[BlackElo "2191"]
[PlyCount "70"]
[EventDate "2008.05.10"]
[EventType "swiss"]
[EventRounds "8"]
[EventCountry "ESP"]
[Source "lmi"]
[SourceDate "2008.05.10"]

1. e4 c5 2. Nf3 Nc6 3. d4 cxd4 4. Nxd4 Nf6 5. Nc3 e5 6. Ndb5 d6 7. Nd5 Nxd5 8.
exd5 Nb8 9. c4 Be7 10. Be2 O-O 11. O-O a6 12. Nc3 f5 13. b4 Nd7 14. c5 Qc7 15.
Qb3 Kh8 16. cxd6 Bxd6 17. Bd2 Nf6 18. Rac1 Qe7 19. a3 e4 20. Bg5 h6 21. Bxf6
Qxf6 22. f3 exf3 23. Bxf3 Qe5 24. g3 f4 25. g4 Bxg4 26. Bxg4 f3 27. Rc2 Qd4+
28. Rcf2 Qxg4+ 29. Kh1 Qh3 30. Rg1 Be5 31. Ne2 Rf6 32. Qe3 Qh4 33. Ng3 Bd4 34.
Qe7 Raf8 35. Ne4 Rf4 0-1

[Event "Andalucia ch 2007-08"]
[Site "Motril ESP"]
[Date "2008.05.17"]
[Round "3.9"]
[White "Bolle, Leendert"]
[Black "Osuna Vega, Enrique"]
[Result "1/2-1/2"]
[WhiteElo "1973"]
[BlackElo "2145"]
[PlyCount "82"]
[EventDate "2008.05.10"]
[EventType "swiss"]
[EventRounds "8"]
[EventCountry "ESP"]
[Source "lmi"]
[SourceDate "2008.05.10"]

1. e4 e5 2. Nf3 Nf6 3. Bc4 Nc6 4. Ng5 d5 5. exd5 Na5 6. Bb5+ c6 7. dxc6 bxc6 8.
Be2 h6 9. Nf3 e4 10. Ne5 Bd6 11. d4 exd3 12. Nxd3 Qc7 13. b3 O-O 14. Bb2 Nd5
15. Nc3 Nf4 16. Nxf4 Bxf4 17. h3 Rd8 18. Bd3 Rb8 19. Qf3 Re8+ 20. Ne2 c5 21.
O-O Bg5 22. Ng3 Bb7 23. Be4 Ba6 24. Rfd1 Bc8 25. Nh5 f6 26. Ng3 Qf4 27. Bd5+
Kh8 28. Qh5 Bb7 29. Qg6 Bxd5 30. Rxd5 Qc7 31. Nf5 Nb7 32. g3 Red8 33. Rad1 Rxd5
34. Rxd5 Rg8 35. h4 Qa5 36. Rd7 Qe1+ 37. Kg2 Qe4+ 38. Kh2 Qxc2 39. hxg5 Qxf2+
40. Kh3 Qf1+ 41. Kg4 Qe2+ 1/2-1/2

[Event "Andalucia ch 2007-08"]
[Site "Motril ESP"]
[Date "2008.05.17"]
[Round "3.10"]
[White "Zamudio Diaz, Angel"]
[Black "Martos Exposito, Manuel"]
[Result "1-0"]
[WhiteElo "2091"]
[BlackElo "2135"]
[PlyCount "71"]
[EventDate "2008.05.10"]
[EventType "swiss"]
[EventRounds "8"]
[EventCountry "ESP"]
[Source "lmi"]
[SourceDate "2008.05.10"]

1. d4 b6 2. Nf3 Bb7 3. e3 e6 4. Bd3 d6 5. b3 g6 6. Bb2 Bg7 7. Nbd2 Nd7 8. O-O
h6 9. e4 g5 10. a4 a6 11. a5 bxa5 12. Nc4 Ne7 13. Nxa5 Bc8 14. Qe2 O-O 15. e5
d5 16. h4 c5 17. hxg5 cxd4 18. gxh6 Bxh6 19. g3 Ng6 20. Kg2 Kg7 21. Rh1 Rh8 22.
Ba3 Ndf8 23. Bd6 Qb6 24. Nh4 Bd7 25. Qf3 Qd8 26. Nxg6 Nxg6 27. Qg4 Rc8 28. Nb7
Qb6 29. Be7 Rcg8 30. Nc5 Bc8 31. Rxa6 Bxa6 32. Nd7 Bxd3 33. Bf6+ Kh7 34. Rxh6+
Kxh6 35. Qh3+ Nh4+ 36. Qxh4+ 1-0

[Event "Andalucia ch 2007-08"]
[Site "Motril ESP"]
[Date "2008.05.17"]
[Round "3.11"]
[White "Weber, Francois"]
[Black "Hernandez Muñoz, Antonio Ramon"]
[Result "1-0"]
[WhiteElo "2185"]
[BlackElo "2024"]
[PlyCount "109"]
[EventDate "2008.05.10"]
[EventType "swiss"]
[EventRounds "8"]
[EventCountry "ESP"]
[Source "lmi"]
[SourceDate "2008.05.10"]

1. e4 c5 2. c3 e6 3. d4 d5 4. e5 Nc6 5. Nf3 Qb6 6. a3 Bd7 7. b4 cxd4 8. cxd4
Rc8 9. Bb2 f6 10. Bd3 f5 11. Nbd2 Be7 12. h4 Nh6 13. Nb3 Ng4 14. h5 O-O 15. Rc1
a6 16. Nc5 Nb8 17. Qd2 Bxc5 18. bxc5 Qd8 19. Ng5 Nc6 20. Bc3 Qe7 21. Rb1 Nd8
22. Ba5 Bc6 23. f3 h6 24. Bxd8 Rcxd8 25. fxg4 Qxg5 26. Qxg5 hxg5 27. gxf5 exf5
28. Rf1 f4 29. Rb6 Rc8 30. Bg6 Rc7 31. Rf2 Re7 32. Bd3 Rc7 33. Be2 Kf7 34. Bg4
Ke7 35. Ke2 Rg8 36. Bf5 Rf8 37. Bd3 Rh8 38. Bg6 Bd7 39. Rd6 Bg4+ 40. Kd3 Bxh5
41. Bxh5 Rxh5 42. Rxd5 Rh1 43. Rd6 Ra1 44. Ke4 Rxa3 45. Rg6 Re3+ 46. Kf5 Kf8
47. Rxg5 Rf7+ 48. Ke6 Ke8 49. Rg6 a5 50. Ra2 Rd7 51. Rxa5 Rxd4 52. Rxg7 Kf8 53.
Rf7+ Ke8 54. Ra8+ Rd8 55. Re7+ 1-0

[Event "Andalucia ch 2007-08"]
[Site "Motril ESP"]
[Date "2008.05.17"]
[Round "3.12"]
[White "Fernandez Rodriguez, Ramon"]
[Black "Barrios Muñoz, Rafael Carlos"]
[Result "0-1"]
[WhiteElo "1946"]
[BlackElo "2132"]
[PlyCount "96"]
[EventDate "2008.05.10"]
[EventType "swiss"]
[EventRounds "8"]
[EventCountry "ESP"]
[Source "lmi"]
[SourceDate "2008.05.10"]

1. Nf3 c5 2. c4 Nc6 3. Nc3 g6 4. d4 cxd4 5. Nxd4 Bg7 6. Nxc6 bxc6 7. g3 Rb8 8.
Qa4 Qb6 9. Bg2 Qa6 10. O-O Bxc3 11. Qxa6 Bxa6 12. bxc3 Bxc4 13. Bf4 Rc8 14.
Rfe1 f6 15. Be3 a6 16. a3 h5 17. h4 Nh6 18. Rab1 Nf5 19. Bc5 d6 20. Ba7 Kd7 21.
Bh3 e6 22. Rb4 Bb5 23. e4 Ne7 24. Be3 c5 25. Rb2 f5 26. Bg2 Bd3 27. Bg5 Rb8 28.
Rd2 Bxe4 29. Bxe4 fxe4 30. Rxe4 Nf5 31. Ra4 Rb6 32. Rd1 Ra8 33. Kg2 Rb2 34. Kf3
Rf8 35. Kg2 Ra8 36. Bf4 e5 37. Bg5 Kc6 38. Re4 Rab8 39. Bd2 Rc2 40. Kf1 Rbb2
41. Ke1 Kb5 42. a4+ Kc6 43. a5 Kd5 44. Ra4 Ke6 45. Re4 d5 46. Ra4 e4 47. Raa1
d4 48. Rab1 Rxd2 0-1

[Event "Andalucia ch 2007-08"]
[Site "Motril ESP"]
[Date "2008.05.17"]
[Round "3.13"]
[White "Camacho Collados, Jose"]
[Black "Barranco Cara, Francisco Javier"]
[Result "1-0"]
[WhiteElo "2258"]
[BlackElo "2018"]
[PlyCount "69"]
[EventDate "2008.05.10"]
[EventType "swiss"]
[EventRounds "8"]
[EventCountry "ESP"]
[Source "lmi"]
[SourceDate "2008.05.10"]

1. e4 c5 2. Nf3 d6 3. d4 cxd4 4. Nxd4 Nf6 5. Nc3 a6 6. Be2 e5 7. Nb3 Be7 8. O-O
Be6 9. f4 exf4 10. Bxf4 Nbd7 11. Qd4 Qb6 12. Qxb6 Nxb6 13. Na5 O-O-O 14. Bf3
Nc4 15. Nxc4 Bxc4 16. Rfd1 Be6 17. Rd3 Ne8 18. Nd5 Bxd5 19. Rxd5 Nc7 20. Rd3
Ne6 21. Bg3 g5 22. Rad1 Nf4 23. Rb3 h5 24. Bxf4 gxf4 25. Rd5 Bf6 26. Rf5 Be5
27. Rxf7 Rd7 28. Rxd7 Kxd7 29. Rxb7+ Kc6 30. Rb3 h4 31. Be2 a5 32. Bc4 Rh7 33.
Bd5+ Kc5 34. a4 Rg7 35. c3 1-0

[Event "Andalucia ch 2007-08"]
[Site "Motril ESP"]
[Date "2008.05.17"]
[Round "3.14"]
[White "Fernandez Quintero, Jose Antonio"]
[Black "Naranjo Moreno, Antonio"]
[Result "1/2-1/2"]
[WhiteElo "1955"]
[BlackElo "2265"]
[PlyCount "120"]
[EventDate "2008.05.10"]
[EventType "swiss"]
[EventRounds "8"]
[EventCountry "ESP"]
[Source "lmi"]
[SourceDate "2008.05.10"]

1. d4 Nf6 2. c4 e5 3. dxe5 Ng4 4. Bf4 Nc6 5. Nf3 Bb4+ 6. Nbd2 f6 7. exf6 Qxf6
8. e3 Qxb2 9. Be2 O-O 10. O-O d6 11. Nb3 Qf6 12. Qd5+ Be6 13. Qh5 g6 14. Qb5
Rab8 15. Nfd4 a6 16. Qg5 Qxg5 17. Bxg5 Nxd4 18. Nxd4 Bd7 19. Bf3 Ne5 20. Bd5+
Kg7 21. Rac1 Rfe8 22. h3 c6 23. Bf3 c5 24. Nc2 Nxf3+ 25. gxf3 Bxh3 26. Rfd1 Bc3
27. Rxd6 Be5 28. Rd5 Rbc8 29. Ne1 b5 30. cxb5 c4 31. b6 Bb2 32. Rc2 Be6 33. Ra5
c3 34. Nd3 Ba1 35. b7 Rb8 36. Nc5 Bc4 37. Bf4 Rbd8 38. b8=Q Rxb8 39. Bxb8 Rxb8
40. Ne4 Rb2 41. Rxc3 Rb1+ 42. Kg2 Bxc3 43. Nxc3 Rc1 44. Ne4 Ra1 45. a3 h5 46.
Nc5 h4 47. Ne4 Bf1+ 48. Kh2 Be2 49. Kg2 Bb5 50. Nd6 Bf1+ 51. Kh2 Ra2 52. Ne4
Bd3 53. Kh3 Bxe4 54. fxe4 Rxf2 55. Kxh4 Rf3 56. Rxa6 Rxe3 57. Kg5 Rxe4 58. Ra7+
Kf8 59. Kxg6 Ke8 60. Kf6 Kd8 1/2-1/2

[Event "Andalucia ch 2007-08"]
[Site "Motril ESP"]
[Date "2008.05.17"]
[Round "3.15"]
[White "Claros Egea, Christian"]
[Black "Perera Borrego, Mariela"]
[Result "1-0"]
[WhiteElo "2240"]
[BlackElo "1957"]
[PlyCount "91"]
[EventDate "2008.05.10"]
[EventType "swiss"]
[EventRounds "8"]
[EventCountry "ESP"]
[Source "lmi"]
[SourceDate "2008.05.10"]

1. e4 d6 2. d4 Nf6 3. Nc3 e5 4. Nf3 Nbd7 5. Bc4 Be7 6. O-O O-O 7. h3 c6 8. Bb3
b5 9. a3 a6 10. Be3 Qc7 11. Bg5 Rb8 12. Ne2 h6 13. Bxf6 Bxf6 14. c3 Re8 15. Ng3
Nf8 16. Re1 Ng6 17. Nh5 Bg5 18. Nxg5 hxg5 19. Re3 Be6 20. d5 cxd5 21. Bxd5 Bxd5
22. Qxd5 Nf4 23. Nxf4 gxf4 24. Rd3 Re6 25. b4 Kf8 26. a4 Ke7 27. axb5 axb5 28.
Ra6 g6 29. Rc6 Qd7 30. c4 bxc4 31. Qxc4 Rb7 32. b5 Qd8 33. Ra3 f5 34. b6 Kf6
35. Ra7 Rxb6 36. Rc8 Rb1+ 37. Kh2 Rb4 38. Qxe6+ Kxe6 39. Rxd8 fxe4 40. Rg7 Rb6
41. Rxg6+ Kd5 42. h4 e3 43. fxe3 fxe3 44. Kg3 e4 45. h5 Rb1 46. Rgxd6+ 1-0

[Event "Andalucia ch 2007-08"]
[Site "Motril ESP"]
[Date "2008.05.17"]
[Round "4.1"]
[White "Garcia Rodriguez, Victor"]
[Black "Fernandez Montoro, Jorge"]
[Result "1-0"]
[WhiteElo "2098"]
[BlackElo "2216"]
[PlyCount "81"]
[EventDate "2008.05.10"]
[EventType "swiss"]
[EventRounds "8"]
[EventCountry "ESP"]
[Source "lmi"]
[SourceDate "2008.05.10"]

1. e4 c5 2. Nf3 d6 3. d4 cxd4 4. Nxd4 Nf6 5. Nc3 a6 6. Be2 e5 7. Nb3 Be6 8. O-O
Nbd7 9. f4 Qc7 10. Nd2 exf4 11. Nf3 Be7 12. Kh1 O-O 13. Bxf4 Ne5 14. Nd4 Rac8
15. Qe1 Qb6 16. Nb3 Ng6 17. Bg3 Rfe8 18. Bf3 Nd7 19. Rd1 Nde5 20. Be2 Nc4 21.
Bxc4 Bxc4 22. Qf2 Qc7 23. Rfe1 Bf8 24. Nd4 Ne5 25. h3 g6 26. b3 Bxb3 27. Ncb5
axb5 28. axb3 Qd7 29. Re2 Rc3 30. Bf4 Bg7 31. Red2 Rec8 32. Qe2 R3c5 33. Nf3
Nxf3 34. Qxf3 Rxc2 35. Rxd6 Qe8 36. Bg5 Be5 37. Rd7 R2c3 38. Qf1 Bc7 39. Re7
Qf8 40. Rdd7 f6 41. Rg7+ 1-0

[Event "Andalucia ch 2007-08"]
[Site "Motril ESP"]
[Date "2008.05.17"]
[Round "4.2"]
[White "Lopez Gonzalez, Daniel"]
[Black "Gallardo Fernandez, Cesar"]
[Result "1/2-1/2"]
[WhiteElo "2204"]
[BlackElo "2136"]
[PlyCount "44"]
[EventDate "2008.05.10"]
[EventType "swiss"]
[EventRounds "8"]
[EventCountry "ESP"]
[Source "lmi"]
[SourceDate "2008.05.10"]

1. c4 Nf6 2. Nc3 e6 3. d4 Bb4 4. Bg5 c5 5. d5 d6 6. e3 exd5 7. cxd5 Nbd7 8.
Nge2 O-O 9. a3 Ba5 10. Rb1 h6 11. Bh4 Re8 12. b4 Bb6 13. Nc1 Ne5 14. Nd3 Bf5
15. Rc1 cxb4 16. axb4 Rc8 17. Nxe5 Rxe5 18. Be2 Re8 19. O-O Qe7 20. Qb3 Qe5 21.
Bg3 Qe7 22. Bh4 Qe5 1/2-1/2

[Event "Andalucia ch 2007-08"]
[Site "Motril ESP"]
[Date "2008.05.17"]
[Round "4.3"]
[White "Barrios Muñoz, Rafael Carlos"]
[Black "Gavilan Diaz, Mario"]
[Result "0-1"]
[WhiteElo "2132"]
[BlackElo "2300"]
[PlyCount "62"]
[EventDate "2008.05.10"]
[EventType "swiss"]
[EventRounds "8"]
[EventCountry "ESP"]
[Source "lmi"]
[SourceDate "2008.05.10"]

1. d4 e6 2. e4 d5 3. e5 c5 4. c3 Qb6 5. Nf3 Bd7 6. Na3 Nc6 7. Nc2 f6 8. Bd3 c4
9. Be2 fxe5 10. Nxe5 Nxe5 11. dxe5 Bc5 12. O-O Ne7 13. Kh1 Bxf2 14. Bg5 Ng6 15.
Nd4 O-O 16. Qd2 Nxe5 17. Bf4 Bxd4 18. cxd4 Nc6 19. Be3 Qb4 20. Qc2 Rxf1+ 21.
Rxf1 Rf8 22. Bf3 Qd6 23. Qd2 Qb4 24. Qc2 Be8 25. Qc1 Qd6 26. g3 Nb4 27. a3 Nd3
28. Qc3 Bg6 29. Kg1 Qb6 30. Bc1 Qb3 31. Qd2 Nxc1 0-1

[Event "Andalucia ch 2007-08"]
[Site "Motril ESP"]
[Date "2008.05.17"]
[Round "4.4"]
[White "Gonzalez Galvan, Juan Manuel"]
[Black "Zamudio Diaz, Angel"]
[Result "1-0"]
[WhiteElo "2259"]
[BlackElo "2091"]
[PlyCount "63"]
[EventDate "2008.05.10"]
[EventType "swiss"]
[EventRounds "8"]
[EventCountry "ESP"]
[Source "lmi"]
[SourceDate "2008.05.10"]

1. e4 d6 2. Nc3 e5 3. f4 exf4 4. Bc4 Nc6 5. d4 Qh4+ 6. Kf1 Bg4 7. Qd2 g5 8. Nd5
O-O-O 9. b4 Bg7 10. b5 Nce7 11. Nxc7 Kxc7 12. Qa5+ Kd7 13. Qxa7 Rc8 14. Bxf7
Rxc2 15. Qxb7+ Rc7 16. Be8+ Kd8 17. Qb8+ Nc8 18. Bd2 f3 19. Ba5 fxg2+ 20. Kxg2
Bh3+ 21. Nxh3 Qg4+ 22. Kf1 Qxh3+ 23. Ke2 Qg4+ 24. Kd2 Qf4+ 25. Ke2 Qxe4+ 26.
Kf1 Qxh1+ 27. Ke2 Qxh2+ 28. Ke3 Qf4+ 29. Ke2 Qe4+ 30. Kf1 Qf3+ 31. Ke1 Qb7 32.
Qxb7 1-0

[Event "Andalucia ch 2007-08"]
[Site "Motril ESP"]
[Date "2008.05.17"]
[Round "4.5"]
[White "Fernandez Montero, Francisco M"]
[Black "Weber, Francois"]
[Result "0-1"]
[WhiteElo "2191"]
[BlackElo "2185"]
[PlyCount "86"]
[EventDate "2008.05.10"]
[EventType "swiss"]
[EventRounds "8"]
[EventCountry "ESP"]
[Source "lmi"]
[SourceDate "2008.05.10"]

1. e4 e5 2. Bc4 Nf6 3. d3 Nc6 4. Nf3 Be7 5. c3 O-O 6. O-O d5 7. exd5 Nxd5 8.
Re1 Bg4 9. Nbd2 Bg5 10. h3 Bh5 11. Ne4 Bxc1 12. Rxc1 Nf4 13. Ng3 Bg6 14. Ne4
Kh8 15. Rc2 h6 16. Rd2 Re8 17. Ng3 a6 18. Ne2 Qf6 19. Nxf4 Qxf4 20. d4 e4 21.
Nh2 f5 22. Nf1 Qg5 23. Kh1 Rad8 24. b4 b5 25. Be2 Bf7 26. a4 Rb8 27. axb5 axb5
28. Ne3 f4 29. Ng4 h5 30. Nh2 Bd5 31. Bf1 Re6 32. f3 e3 33. Rb2 Ne7 34. Bd3 Nf5
35. Nf1 c6 36. Qc2 Nd6 37. Rbb1 Rc8 38. Ra1 Ree8 39. Nh2 Bf7 40. Kg1 Be6 41.
Kh1 Bf5 42. Bxf5 Nxf5 43. Nf1 Ra8 0-1

[Event "Andalucia ch 2007-08"]
[Site "Motril ESP"]
[Date "2008.05.17"]
[Round "4.6"]
[White "Fernandez Siles, Luis"]
[Black "Morales Araujo, Francisco Javier"]
[Result "1-0"]
[WhiteElo "2305"]
[BlackElo "2112"]
[PlyCount "49"]
[EventDate "2008.05.10"]
[EventType "swiss"]
[EventRounds "8"]
[EventCountry "ESP"]
[Source "lmi"]
[SourceDate "2008.05.10"]

1. d4 f5 2. Nc3 Nf6 3. Bg5 g6 4. Bxf6 exf6 5. h4 d5 6. h5 g5 7. e3 Be6 8. Bd3
Nc6 9. a3 Qd7 10. Nge2 O-O-O 11. b4 Bd6 12. Qd2 Rhf8 13. Na4 f4 14. Nc5 fxe3
15. fxe3 Bxc5 16. bxc5 Bf5 17. Bb5 Be4 18. Ng3 Rfe8 19. O-O-O f5 20. Rhf1 a6
21. Nxe4 fxe4 22. Bxc6 Qxc6 23. Rf7 h6 24. Rdf1 g4 25. R1f6 1-0

[Event "Andalucia ch 2007-08"]
[Site "Motril ESP"]
[Date "2008.05.17"]
[Round "4.7"]
[White "Terron Elena, Francisco Miguel"]
[Black "Puertas Martin, Savins"]
[Result "1-0"]
[WhiteElo "2295"]
[BlackElo "2012"]
[PlyCount "85"]
[EventDate "2008.05.10"]
[EventType "swiss"]
[EventRounds "8"]
[EventCountry "ESP"]
[Source "lmi"]
[SourceDate "2008.05.10"]

1. d4 d5 2. c4 e6 3. Nc3 c6 4. e3 Nf6 5. Nf3 Bd6 6. Ne5 Nbd7 7. f4 Bb4 8. Bd3
Bxc3+ 9. bxc3 Nxe5 10. fxe5 Ne4 11. O-O Nxc3 12. Qh5 g6 13. Qh6 Qe7 14. a4 Qf8
15. Qh4 Qe7 16. Rf6 b6 17. Ba3 c5 18. Raf1 Bd7 19. a5 dxc4 20. Bxc4 Nd5 21. Qe4
Rf8 22. Bxd5 exd5 23. Qxd5 Rc8 24. axb6 axb6 25. Rxb6 Be6 26. Qf3 Bc4 27. Rc1
Qd8 28. Bxc5 Bd5 29. Qf1 Qg5 30. Re1 Rh8 31. e4 Be6 32. Rxe6+ fxe6 33. Qa6 Rxc5
34. Qxe6+ Kf8 35. dxc5 Kg7 36. Rf1 Rf8 37. Rxf8 Qc1+ 38. Rf1 Qxc5+ 39. Kh1 Kh6
40. Qf6 Kh5 41. e6 Kg4 42. e7 h5 43. Qf4# 1-0

[Event "Andalucia ch 2007-08"]
[Site "Motril ESP"]
[Date "2008.05.17"]
[Round "4.8"]
[White "Ruiz Casado, Francisco Javier"]
[Black "Camacho Collados, Jose"]
[Result "0-1"]
[WhiteElo "2100"]
[BlackElo "2258"]
[PlyCount "64"]
[EventDate "2008.05.10"]
[EventType "swiss"]
[EventRounds "8"]
[EventCountry "ESP"]
[Source "lmi"]
[SourceDate "2008.05.10"]

1. e4 c5 2. Nf3 Nc6 3. d4 cxd4 4. Nxd4 Nf6 5. Nc3 e6 6. Ndb5 Bc5 7. Nd6+ Ke7 8.
Nxc8+ Rxc8 9. Bd3 d5 10. exd5 Nxd5 11. Nxd5+ Qxd5 12. O-O Nb4 13. Qg4 Nxd3 14.
cxd3 h5 15. Qg5+ Qxg5 16. Bxg5+ f6 17. Be3 Rhd8 18. Rad1 Rd5 19. Rc1 Rc6 20.
Bxc5+ Rcxc5 21. Rxc5 Rxc5 22. f4 Kd6 23. Rf2 Rc1+ 24. Rf1 Rc6 25. Rf2 Kd5 26.
Rd2 Kd4 27. Kf2 Ra6 28. a3 Rb6 29. Kf3 Rb3 30. Ke2 g6 31. g3 a6 32. h3 a5 0-1

[Event "Andalucia ch 2007-08"]
[Site "Motril ESP"]
[Date "2008.05.17"]
[Round "4.9"]
[White "Ladron De Guevara Pinto, Paolo"]
[Black "Claros Egea, Christian"]
[Result "0-1"]
[WhiteElo "1897"]
[BlackElo "2240"]
[PlyCount "74"]
[EventDate "2008.05.10"]
[EventType "swiss"]
[EventRounds "8"]
[EventCountry "ESP"]
[Source "lmi"]
[SourceDate "2008.05.10"]

1. e4 c5 2. Nf3 e6 3. d4 cxd4 4. Nxd4 a6 5. Bd3 Qc7 6. O-O Nf6 7. Nc3 b5 8. Kh1
Bb7 9. a3 d6 10. f4 Nbd7 11. Qe2 Be7 12. Bd2 h5 13. a4 b4 14. Na2 Nc5 15. e5
dxe5 16. fxe5 Ng4 17. Nf3 Nxd3 18. cxd3 a5 19. Nc1 Bd5 20. Bf4 h4 21. h3 Nh6
22. Nd4 Qd7 23. b3 Bc5 24. Be3 Bxd4 25. Bxd4 Nf5 26. Rxf5 exf5 27. Bc5 f4 28.
Kh2 Ra6 29. Bd6 Rh6 30. Ra2 Rc6 31. Qf1 f3 32. gxf3 Rg6 33. Ne2 Qf5 34. Qf2
Bxf3 35. d4 Rg2+ 36. Qxg2 Bxg2 37. Kxg2 Rc2 0-1